000
00294nam a22001337a 4500
082
_a
894.812.1
_b
VEN/V
100
_a
VENNIYUR, RASHEED
245
_a
VELLARAM KANNULLA POOMBATTAKAL
260
_a
VENNIYUR
_b
MANDHARAM
_c
2022
300
_a
114
520
_a
POETRY
650
_a
POETRY
942
_c
BK
999
_c
4433
_d
4433